Central Library OPAC University of Rajshahi

چند شخصیتیی چند تاثرات ;; chand shaqseetyi chand taasarat / (Record no. 84968)

MARC details
000 -LEADER
fixed length control field 00910nam a2200217 4500
001 - CONTROL NUMBER
control field 84968
003 - CONTROL NUMBER IDENTIFIER
rucl marc code BD-RjUL
005 - DATE AND TIME OF LATEST TRANSACTION
control field 20250521120923.0
008 - FIXED-LENGTH DATA ELEMENTS--GENERAL INFORMATION
fixed length control field 250521s1962 pk ||||| |||| 00| 0curd d
035 ## - SYSTEM CONTROL NUMBER
System control number (BD-RjUL) 84968
040 ## - CATALOGING SOURCE
Original cataloging agency BD-RjUL
Language of cataloging eng
Transcribing agency BD-RjUL
041 ## - LANGUAGE CODE
Language code of text/sound track or separate title urd
082 ## - DEWEY DECIMAL CLASSIFICATION NUMBER
Edition number 23
Classification number 891.43910922
Author mark and year ZOC 1962
100 ## - MAIN ENTRY--PERSONAL NAME
Personal name زور ، سید محی الدین قادری ;; Zor, Syed Mohiuddin Qadri
9 (RLIN) 15629
245 ## - TITLE STATEMENT
Title چند شخصیتیی چند تاثرات ;; chand shaqseetyi chand taasarat /
Statement of responsibility, etc. سید محی الدین قادری زور ؛ مرتبہ معین الدین احمد انصاری ;; Syed Mohiuddin Qadri Zur; Patrat Moinuddin Ahmed Ansari
260 ## - PUBLICATION, DISTRIBUTION, ETC. (IMPRINT)
Place of publication, distribution, etc. Karachi :
Name of publisher, distributor, etc. Urdu akademy sindh,
Date of publication, distribution, etc. 1962
300 ## - PHYSICAL DESCRIPTION
Pagination 172 p. ;
Size 18 cm
650 ## - SUBJECT ADDED ENTRY--TOPICAL TERM
Topical term or geographic name as entry element Biography
700 ## - ADDED ENTRY--PERSONAL NAME
Personal name مرتبہ ; انصاری ، معین الدین احمد ;; Ansari, Moinuddin Ahmed
942 ## - ADDED ENTRY ELEMENTS (KOHA)
Source of classification or shelving scheme Dewey Decimal Classification
Koha item type Books
Holdings
Lost status Source of classification or shelving scheme Damaged status Not for loan Collection code Permanent Location Current Location Shelving location Date acquired Full call number Date last seen Copy number Koha item type
  Dewey Decimal Classification   Not For Loan Non-fiction Central Library, University of Rajshahi Central Library, University of Rajshahi Reading Room 21/05/2025 U 891.43910922 ZOC 1962 21/05/2025 c-1 Books